Špeciálne programovacie jazyky : programovanie v jazyku BASIC /

Hlavní autor: Návrat, Pavol, 1952-
Další autoři: Vojtek, Vladimír, 1954-
Jazyk: Slovenština
Vydáno: Bratislava : Slovenská vysoká škola technická, 1985
Vydání: 1. vyd.
Fyzický popis: 198 s.
Knihy
Uloženo v:
LEADER 00768nam a22002172a 4500
001 000201849
003 CZ BrMZK
005 20130822154223.0
008 970103s1985 xo f slo d
040 |a BOA001  |b cze 
080 |a 519.682(075.8)  |2 MRF 
080 |a 681.3.06(075.8)  |2 MRF 
100 1 |a Návrat, Pavol,  |d 1952-  |7 jx20040721050 
245 1 0 |a Špeciálne programovacie jazyky :  |b programovanie v jazyku BASIC /  |c Pavol Návrat, Vladimír Vojtek 
250 |a 1. vyd. 
260 |a Bratislava :  |b Slovenská vysoká škola technická,  |c 1985 
300 |a 198 s. 
700 1 |a Vojtek, Vladimír,  |d 1954-  |7 mzk2013777422 
910 |a BOA001  |b TK-A-0224.078 
990 |a BK 
996 7 |b 2629992817  |c TK-A-0224.078  |l MZK  |r Sklad / do 24 hodin  |n 0  |w 000201849  |u 000010  |a 1  |e BOA001  |j MZK50  |s A